Datum a čas kvízu

18 Celkem bodů Celkový počet nahraných bodů na tomto kvízu bez doplňovacích otázek.
10. Pořadí na kvízu Konečné umístění týmu na tomto kvízu.

Zaznamenané odpovědi

# Otázka Odpověď Body Výsledky
1. V areálu letiště na okraji jed... Hradec Králové 0
2. Který člen britské královské r... princ Louis 0
3. V pondělí se v Metropolitním m... Met Gala 0
4. Která v Česku podnikající spol... Škoda Auto 1
5. Ester Ledecké zřejmě dvě sport... biatlon 0
6. Květnové kalendárium začneme o... Komárno 0
7. Dne 11. května 1960 byl izrael... Adolf Eichmann 0
8. Jak se jmenuje tento muž, jenž... George Lucas 1
9. Ve kterém sudém roce došlo dne... 2006 0
10. Dne 29. května 1886 byla v den... Coca-Colu 0